|
|
|
|
| LEADER |
00000nam a22000007a 4500 |
| 005 |
20170622004132.0 |
| 007 |
cr|||| |||| |
| 008 |
170622s2014 es |||||s|||| 00||0 spa d |
| 020 |
|
|
|a 13: 978-84-9961-158-
|
| 035 |
|
|
|a 20368
|
| 040 |
|
|
|a vLex
|
| 090 |
|
|
|c 6789
|d 6789
|
| 100 |
1 |
|
|a Durǹ, Manuel Lucas
|
| 245 |
1 |
3 |
|a Los patrimonios protegidos de personas con discapacidad
|h [Recurso electrn̤ico] :
|b rǧimen civil y tributario /
|c Manuel Lucas Durǹ
|
| 256 |
|
|
|a Servicio en ln̕ea
|
| 260 |
|
|
|a Madrid:
|b Editorial Universitaria Ramn̤ Areces,
|c 2014
|
| 300 |
|
|
|a 1 recurso electrn̤ico
|
| 500 |
|
|
|a Subtt̕ulo: Reflexiones al cumplirse diez aǫs de su Ley de aprobacin̤. El autor define en este trabajo que los instrumentos de proteccin̤ econm̤ica de los que disponen las personas con discapacidad y de cm̤o pueden utilizarlo las familias y en particular el rǧimen jurd̕ico-tributario, brinda unas oportunidades de planificacin̤ fiscal mayores que otros instrumentos jurd̕icos que pretendan una finalidad similar.
|
| 506 |
1 |
|
|a Disponible solo en los productos indicados
|d vLex Global
|d vLex Global (Academic Edition, excluding Law Schools)
|d vLex Global (U.S. Academic Edition, Law Schools)
|d vLex Global (U.S. Academic Edition, excluding Law Schools)
|d vLex Global (Academic Edition, Law Schools)
|
| 650 |
0 |
4 |
|a Derecho Civil
|z Espaą
|
| 650 |
0 |
4 |
|a Derecho Fiscal
|z Espaą
|
| 650 |
0 |
4 |
|a Derecho Tributario
|z Espaą
|
| 740 |
0 |
|
|a vLex Libros (Servicio en ln̕ea)
|
| 856 |
4 |
0 |
|u http://vlex.com/source/patrimonios-protegidos-de-personas-con-discapacidad-regimen-civil-y-tributario-reflexiones-al-cumplirse-diez-a-os-de-su-ley-de-aprobacion-20368
|z Acceso restringido
|
| 942 |
|
|
|c BOOK
|
| 999 |
0 |
|
|a Civil Law
|
| 999 |
0 |
|
|a Tax Law
|
| 999 |
0 |
|
|a Tax Law
|